| 000 | 00752nam a22002297a 4500 | ||
|---|---|---|---|
| 003 | 0 | ||
| 005 | 20240604110549.0 | ||
| 008 | 240604b xxu||||| |||| 00| 0 eng d | ||
| 020 | _a9786210403817 | ||
| 050 |
_aG 155 _b.H47 2021 |
||
| 100 | _aHerrera, Maricel D. | ||
| 245 |
_aTour and travel management _cMaricel D. Herrera [and two others] |
||
| 250 | _a2021 edition | ||
| 260 |
_aManila _bRex Book Store _c2021 |
||
| 300 |
_axii, 241 pages : _bblack and white illustrations ; _c26cm. |
||
| 504 | _aIncludes bibliographical references and index. | ||
| 651 | _aTravel management--Philippines. | ||
| 651 | _aTour management--Philippines. | ||
| 700 | _aOcampo, Ferdinand Dondi C. | ||
| 700 | _aTugade, Luzviminda O. | ||
| 942 |
_2lcc _cBK |
||
| 999 |
_c366010 _d366010 |
||